000 00397nam a2200121Ia 4500
008 211119s9999||||xx |||||||||||||| ||und||
082 _a894.8123
_bBEN-A
100 _aBenyamin,
245 0 _aAkkapporinte Irupathu Nasranivarshangal
260 _bD c Books
_a2008
_cKottayam
650 _aMalayalam Literature
_vMalayalam FictionMalayalam NovelsShort StoriesMalayalam
_xGeneral Stack
942 _cBOOK
999 _c113421
_d113421